000 01197nam0a22002891 4500
001 v19\rc\1525454
005 20250618173218.0
035 _a(NLR Aleph) 004646933
090 _a3369839
_c3369839
100 _a20060620d1886 |||y0rusy50 ca
101 0 _arus
102 _aRU
105 _ay z |||a|
200 1 _aПровинциальные рассказы Г-она Б-ного
210 _aКиев
_cтип. Губ. правл.
_d1886
215 _a[4], 172 с.
_d17
327 1 _aСодерж.: Волобрюхов кандидат в городские головы; В уездном городке; В хуторе; Никола и Варька; Рыбаки на Днепре; Вексель
464 0 _12001#$aВолобрюхов кандидат в городские головы$aВ уездном городке$aВ хуторе$aНикола и Варька$aРыбаки на Днепре$aВексель
_tВексель
701 0 _aГ-он Б-ной
801 0 _aRU
_bNLR
_gpsbo
801 0 _aRU
_bRuMoRGB
_2psbo
801 1 _aRU
_bProSoft-M
_2rusmarc
852 _aNLR
_j18.209.3.292
899 _aRuMoRGB
_jT 23/560
899 _aБАН
942 _cBOOK
980 _aNB